00602 a2200205 4500001000700000020001500007040003200022100001900054245003400073250001300107260001100120300003400131362000900165490001500174520015000189650001200339650001200351650001600363650001700379124886 a086505732X cEscola Canadense de Niteroi aKalman, Bobbie10aWeb weavers and other spiders aIll. ed. aOxford a32 p.c5 x 0.25 x 9.75 inches0 a19970 aCrabapples aProvides an overview of spiders, covering such things as their physical characteristics, web-building, mating behavior, and defensive techniques. 4aInsects 4aSpiders 4aNon-Fiction 4aAnimal Facts